[R. P. Fr. Lodovici Granatensis Flores, Ex Omnibvs Spiritvalibus eius Opusculis Hispanicè conscriptis studiosè Italica Lingua excerpti. Nvnc Vero Ex Italica in Latinam translati à Dn. Henrico Cogmanno Harlemensi. M.D.]

Podrobná bibliografia
Hlavný autor: Luis de Granada, 1504-1588 (Autor)
Korporatívny autor: Baum, Dietrich (Kolín nad Rýnom, Nemecko) (Tlačiar)
Ďalší autori: Coggemann, Hendrik (Dedikátor), Baum, Dietrich, 16. storočie (Tlačiar)
Médium: Kniha
Jazyk:latinčina
Fyzický popis:Zachovaných [11], 238 [správne 237] listov 12° 14 cm
Vydavateľské údaje: Coloniae Theodorum Baumium CIЬ.IЬ.LXXXV. [=1585]
Predmet:

MARC

LEADER 00000nam a2200000 a 4500
001 vtls011857812
003 SK-MaSNL
005 20260301101049.0
008 251112 1585 gw 001 0 lat
015 |a SNBHFA1585 
020 |q (viaz.) 
035 |a urn:nbn:sk:snk-am00eeql 
035 |a urn:nbn:sk:snk-am3ihyq 
035 |a 961D0080-3477-4554-9223-EE31DE3E2041 
040 |a SNKHF  |b slo  |c SNK  |e AACR2 
041 |a lat 
044 |a gw  |c DE 
072 7 |a 27  |x Kresťanstvo. Kresťanská cirkev všeobecne. Ekleziológia  |2 konspekt 
080 |a 2-584  |2 2011 
080 |a 27  |2 2011 
100 0 |a Luis de Granada,  |d 1504-1588  |4 aut  |9 140419 
245 1 0 |a [R. P. Fr. Lodovici Granatensis Flores, Ex Omnibvs Spiritvalibus eius Opusculis Hispanicè conscriptis studiosè Italica Lingua excerpti. Nvnc Vero Ex Italica in Latinam translati à Dn. Henrico Cogmanno Harlemensi. M.D.] 
260 |a Coloniae  |b Theodorum Baumium  |c CIЬ.IЬ.LXXXV. [=1585] 
300 |a Zachovaných [11], 238 [správne 237] listov  |c 12°  |c 14 cm 
500 |a Vinety, iniciálka s ornamentálnym pozadím vo voľnom priestore na 4 riadky, drevorezy s biblickými výjavmi, typografické ozdoby, kustódy, rukopisné poznámky v latinčine 
504 |a Marginálie 
508 |a Ded.: Coggemann, Hendrik; Mierle, Godefridus à 
510 4 |a VD 16 L/3207 
546 |a Latinčina  |b Kurzíva 
550 |a Tlačiarenské údaje doplnené z VD 16 
561 |a Z knižnice františkánov v Bratislave.  |5 SNK IE 10422 
562 |a Defekt: Chýba titulný list.  |5 SNK IE 10422 
562 |a Rukopisná poznámka: Conuen. Szakolcz.  |5 SNK IE 10422 
563 |a Väzba: pôvodná, tmavá koža s ornamentálnou a figurálnou slepotlačou, stopy po kovových sponách.  |5 SNK IE 10422 
650 0 7 |a duchovný život  |2 SNKPH  |9 1807 
650 0 7 |a kresťanstvo  |2 SNKPH  |9 2024 
700 1 |a Coggemann, Hendrik  |4 dto  |9 127106 
700 1 |a Mierlo, Godefridus van  |4 hnr  |9 186503 
700 1 |a Baum, Dietrich,  |d 16. storočie  |4 prt  |9 126593 
710 1 |a Františkáni (Bratislava, Slovensko)  |4 fmo  |9 281881 
710 0 |a Baum, Dietrich (Kolín nad Rýnom, Nemecko),  |d 1562-1588  |4 prt  |9 434784 
752 |a Nemecko  |d Kolín nad Rýnom 
852 |a snk  |b Historické fondy  |p IE 10422 
958 |a ONDV 
999 |c 688132  |d 690062 
952 |t Fr Ba 6438  |a SNK  |b SNK  |c SNK_HF  |y PREZ  |7 0  |p 17A1355447  |o snkIE 10422  |i snk2019/8291  |8 5  |0 0  |1 0  |4 0  |d 2019-03-26  |f 1  |l 0  |r 2026-02-23 20:18:17  |w 2026-02-23